Don Kihot (Record no. 2728)

MARC details
000 -CABECERA
campo de control de longitud fija 01156nam a2200313 a 4500
001 - NÚMERO DE CONTROL
campo de control BRCA_2989
005 - FECHA Y HORA DE LA ÚLTIMA TRANSACCIÓN
campo de control 20190320204047.0
008 - DATOS DE LONGITUD FIJA--INFORMACIÓN GENERAL
campo de control de longitud fija 231208s1938----ci-a---###---#000-0#scr-u
041 ## - CÓDIGO DE LENGUA
Código de lengua del texto/banda sonora o título independiente scr
044 ## - CÓDIGO DEL PAÍS DE LA ENTIDAD EDITORA/PRODUCTORA
Código MARC del país ci
084 ## - OTRO NÚMERO DE CLASIFICACIÓN
Número de clasificación 312
Número de documento/Ítem .N37
-- 1938
100 1# - ENTRADA PRINCIPAL--NOMBRE DE PERSONA
Nombre de persona Cervantes Saavedra, Miguel de
Fechas asociadas al nombre 1547-1616
9 (RLIN) 213
245 10 - MENCIÓN DE TÍTULO
Título Don Kihot
Mención de responsabilidad, etc. Miguel de Cervantes Saavedra.
260 ## - PUBLICACIÓN, DISTRIBUCIÓN, ETC.
Lugar de publicación, distribución, etc. Zagreb
Nombre del editor, distribuidor, etc. Nasa Djeca
Fecha de publicación, distribución, etc. [1938?]
300 ## - DESCRIPCIÓN FÍSICA
Extensión 2 v.
Otras características físicas il. (a color)
Dimensiones 20 cm.
500 ## - NOTA GENERAL
Nota general Contenido : Edición compendiada para los niños con excelentes ilustraciones a colores
500 ## - NOTA GENERAL
Nota general Edición : Priredio Mate Ujevic. Ilustrirao Vladimir Kirin
500 ## - NOTA GENERAL
Nota general Ejemplar por completo igual al LO-311 Lúdovik Osterc
500 ## - NOTA GENERAL
Nota general QMR121?
546 ## - NOTA DE LENGUA/LENGUAJE
Nota de lengua/lenguaje Texto en : croata
650 14 - PUNTO DE ACCESO ADICIONAL DE MATERIA--TÉRMINO DE MATERIA
Término de materia o nombre geográfico como elemento de entrada Novela española
Subdivisión cronológica Época clásica, 1500-1700
9 (RLIN) 215
650 14 - PUNTO DE ACCESO ADICIONAL DE MATERIA--TÉRMINO DE MATERIA
Término de materia o nombre geográfico como elemento de entrada Literatura española
Subdivisión cronológica Época clásica, 1500-1700
9 (RLIN) 216
650 14 - PUNTO DE ACCESO ADICIONAL DE MATERIA--TÉRMINO DE MATERIA
Término de materia o nombre geográfico como elemento de entrada Novela española
Subdivisión cronológica Siglo XVII
9 (RLIN) 217
650 14 - PUNTO DE ACCESO ADICIONAL DE MATERIA--TÉRMINO DE MATERIA
Término de materia o nombre geográfico como elemento de entrada Don Quijote (Personaje ficticio)
Término indicativo de función/relación Novela
9 (RLIN) 218
700 1# - PUNTO DE ACCESO ADICIONAL--NOMBRE DE PERSONA
Nombre de persona Kirin, Vladimir
Fechas asociadas al nombre 1894-1963
Término indicativo de función/relación Ilustrador
9 (RLIN) 8274
740 0# - PUNTO DE ACCESO ADICIONAL--TÍTULO RELACIONADO O ANALÍTICO NO CONTROLADO
Título relacionado o analítico no controlado El Ingenioso Hidalgo Don Quijote de la Mancha
902 ## - CATALOGADOR
Iniciales QFM
942 ## - ELEMENTOS DE PUNTO DE ACCESO ADICIONAL (KOHA)
Fuente del sistema de clasificación o colocación Library of Congress Classification
Tipo de ítem Koha Libros
Holdings
Estado de retiro Estado de pérdida Estado dañado No para préstamo Localización permanente Ubicación/localización actual Fecha de adquisición Número de inventario Total de préstamos Signatura topográfica completa Código de barras Fecha visto por última vez Precio válido a partir de Tipo de ítem Koha
El ejemplar forma parte de la colección y puede ser consultado según las políticas vigentes.       Biblioteca del Museo Franz Mayer (Rogerio Casas-Alatriste) Biblioteca del Museo Franz Mayer (Rogerio Casas-Alatriste) 23/12/2008 QMR121?   312 .N37 1938 (QMR121?) 2986 22/03/2019 22/03/2019 Libros